La civilización Azteca (Record no. 10277)

MARC details
000 -CABECERA
campo de control de longitud fija 01054nam a2200301 a 4500
001 - NÚMERO DE CONTROL
campo de control BRL_1467
005 - FECHA Y HORA DE LA ÚLTIMA TRANSACCIÓN
campo de control 20190320211224.0
008 - DATOS DE LONGITUD FIJA--INFORMACIÓN GENERAL
campo de control de longitud fija 220114s1955----mx-ao#####---#000-0#spa-#
041 ## - CÓDIGO DE LENGUA
Código de lengua del texto/banda sonora o título independiente spa
044 ## - CÓDIGO DEL PAÍS DE LA ENTIDAD EDITORA/PRODUCTORA
Código MARC del país mx
050 #4 - SIGNATURA TOPOGRÁFICA DE LA BIBLIOTECA DEL CONGRESO
Número de clasificación F1219
Número de documento/Ítem .V35 1955
100 1# - ENTRADA PRINCIPAL--NOMBRE DE PERSONA
Nombre de persona Vaillant, George Clapp
Fechas asociadas al nombre 1901-1945
9 (RLIN) 25338
245 10 - MENCIÓN DE TÍTULO
Título La civilización Azteca
Mención de responsabilidad, etc. George C. Vaillant ; versión española de Samuel Vasconcelos.
250 ## - MENCIÓN DE EDICIÓN
Mención de edición 2a. ed.
260 ## - PUBLICACIÓN, DISTRIBUCIÓN, ETC.
Lugar de publicación, distribución, etc. México
Nombre del editor, distribuidor, etc. Fondo de Cultura Económica
Fecha de publicación, distribución, etc. 1955
300 ## - DESCRIPCIÓN FÍSICA
Extensión 316 p.
Otras características físicas il, fotografías (blanco y negro), láminas
Dimensiones 24 cm.
440 #0 - MENCIÓN DE SERIE/PUNTO DE ACCESO ADICIONAL--TÍTULO
Título Sección de obras de antropología
9 (RLIN) 27015
500 ## - NOTA GENERAL
Nota general Au1815
500 ## - NOTA GENERAL
Nota general Incluye índice analítico, láminas, figuras y de los cuadros sinópticos
500 ## - NOTA GENERAL
Nota general Estado físico: Camisa con roturas.
500 ## - NOTA GENERAL
Nota general Traducción de: Aztecs of Mexico
504 ## - NOTA DE BIBLIOGRAFÍA, ETC.
Nota de bibliografía, etc. Bibliografía: p. 275-295
650 14 - PUNTO DE ACCESO ADICIONAL DE MATERIA--TÉRMINO DE MATERIA
Término de materia o nombre geográfico como elemento de entrada Aztecas
Subdivisión general Civilización
9 (RLIN) 27016
651 #4 - PUNTO DE ACCESO ADICIONAL DE MATERIA--NOMBRE GEOGRÁFICO
Nombre geográfico México
Subdivisión general Historia
Subdivisión cronológica Hasta 1519
9 (RLIN) 9704
700 1# - PUNTO DE ACCESO ADICIONAL--NOMBRE DE PERSONA
Nombre de persona Vasconcelos, Samuel
Término indicativo de función/relación tr.
9 (RLIN) 27017
902 ## - CATALOGADOR
Iniciales GRL
942 ## - ELEMENTOS DE PUNTO DE ACCESO ADICIONAL (KOHA)
Fuente del sistema de clasificación o colocación Library of Congress Classification
Tipo de ítem Koha Libros
Holdings
Estado de retiro Estado de pérdida Estado dañado No para préstamo Localización permanente Ubicación/localización actual Fecha de adquisición Número de inventario Total de préstamos Signatura topográfica completa Código de barras Fecha visto por última vez Precio válido a partir de Tipo de ítem Koha
El ejemplar forma parte de la colección y puede ser consultado según las políticas vigentes.       Biblioteca Centro de Estudios Ruth D. Lechuga Biblioteca Centro de Estudios Ruth D. Lechuga 22/01/2014 Au1815   F1219 .V35 1955 (Au1815) GRL01628 22/03/2019 22/03/2019 Libros